000 00380nam a22001337a 4500
003 LRUA
005 20230712215542.0
008 230712b xxu||||| |||| 00| 0 eng d
040 _cRUA
082 _2HAR ICO 2003 C227 Or.
245 _aINTEROGANIZATIONAL COOPERATION IN UNCERTAIN ENVIRONMENTS: THE CASE OF FOOD AID MANAGEMENT
260 _aPhnom Penh
_bRUA
_c2003
942 _2ddc
_cEK
999 _c21562
_d21562